Georgia (State) Superlatives - Statistics

General Stats
  • This quiz has been taken 21 times
  • The average score is 7 of 13
Answer Stats
Hint Answer % Correct
Largest City Atlanta
93%
Busiest Airport Hartsfield-Jackson Atlanta International Airport
93%
Largest County (Population) Fulton
79%
Longest River Chattahoochee
71%
Highest Point Brasstown Bald
64%
All-Time Highest Recorded Temperature (°F) 112°F (Greenville)
57%
All-Time Lowest Recorded Temperature (°F) -17°F (Chatsworth)
43%
Largest four-year college or university (by total enrollment) Georgia State University
43%
Largest Island Cumberland Island
36%
Largest County (Area) Ware
29%
Tallest Building Bank of America Plaza
21%
Largest Lake Clarks Hill Lake
21%
Oldest continuously inhabited settlement St. Marys
7%
No matching quizzes found
Score Distribution
Percent of People with Each Score
Percentile by Number Answered
Your Score History
You have not taken this quiz